| 000 | 00648 a2200169 4500 | ||
|---|---|---|---|
| 003 | Nust | ||
| 005 | 20230206115055.0 | ||
| 040 | _cNust | ||
| 082 | _a954.9042,QUA | ||
| 100 |
_aMohammad Ali Jinnah , Quaid-i-Azam _9108650 |
||
| 245 |
_aQuaid-i-Azam Mohammad Ali Jinnah : _bspeech and statements as Governor General of Pakistan 1947-48 / _cQuaid-i-Azam Mohammad Ali Jinnah , |
||
| 260 |
_aGovernment of Pakistan Ministry of Information & Broadcasting _bIslamabad _c1989 |
||
| 300 |
_a281 p _billus _cdigars _e18 cm |
||
| 600 |
_aMohammad Ali Jinnah , Quaid-i-Azam _9108650 |
||
| 650 |
_aSpeech Governor General of Pakistan _9108651 |
||
| 942 |
_2ddc _cBK |
||
| 999 |
_c187494 _d187494 |
||